000 00537nam a2200181Ia 4500
008 151202s9999||||xx |||||||||||||| ||und||
082 _bPNVM-31765
100 _aमाडखोलकर ग.त्र्यं.
245 _aरुक्मिणी.
260 _b---
260 _c0
300 _a0
600 _aमाडखोलकर ग.त्र्यं.
630 _aरुक्मिणी.
700 _aमाडखोलकर ग.त्र्यं.
730 _aरुक्मिणी.
942 _cBOOK
999 _c1297726
_d1297723